Molecular genetics. (Record no. 107836)

MARC details
000 -LEADER
fixed length control field 00401nam a2200157Ia 4500
008 - FIXED-LENGTH DATA ELEMENTS--GENERAL INFORMATION
fixed length control field 210210b2005 xxu||||| |||| 00| 0 eng d
020 ## - INTERNATIONAL STANDARD BOOK NUMBER
International Standard Book Number 81 272 1355 1
082 ## - DEWEY DECIMAL CLASSIFICATION NUMBER
Classification number 574.87328 SINM
100 ## - MAIN ENTRY--PERSONAL NAME
Personal name SINGH (B D).
245 ## - TITLE STATEMENT
Title Molecular genetics.
260 ## - PUBLICATION, DISTRIBUTION, ETC.
Place of publication, distribution, etc. Ludhiana
Name of publisher, distributor, etc. Kalyani Publishers
Date of publication, distribution, etc. 2005
300 ## - PHYSICAL DESCRIPTION
Extent xx,360
650 ## - SUBJECT ADDED ENTRY--TOPICAL TERM
Topical term or geographic name entry element Molecular Genetics
690 ## - LOCAL SUBJECT ADDED ENTRY--TOPICAL TERM (OCLC, RLIN)
Topical term or geographic name as entry element Molecular Biology
906 ## - LOCAL DATA ELEMENT F, LDF (RLIN)
a 060666
Holdings
Withdrawn status Lost status Source of classification or shelving scheme Damaged status Not for loan Collection code Home library Current library Date acquired Source of acquisition Cost, normal purchase price Total Checkouts Full call number Barcode Date last seen Price effective from Koha item type
    Dewey Decimal Classification     Bio Technology St Aloysius Library St Aloysius Library 02/17/2021 West Coast Paper & Stationers Mangalore-1 150.00   574.87328 SINM 060666 02/17/2021 02/17/2021 Book